Statistiques concernant les animaux d'Afrique

Cliquez ici pour prendre le quiz!

Statistiques générales

  • Ce quiz a été pris 419 fois
  • Le résultat moyen est 6 sur 20

Statistiques - réponses

Réponse% Correct
Lion
96%
Elephant
90%
Girafe
81%
Zèbre
67%
Hippopotame
65%
Rhinocéros
63%
Antilope
54%
Phacochère
21%
Babouin
17%
Fennec
16%
Dromadaire
15%
Chacal
10%
Impala
10%
Mangouste
8%
Serval
4%
Oryctérope
3%
Jabiru
2%
Nyala
2%
Topi
1%
Xérus
1%

Distribution des résultats

Percentile par nombre de réponses

% des personnes avec chaque résultat

Votre développement - résultats

Vous n’avez pas pris ce quiz